[Event "BL2-Ost 1112"]
[Site "Germany"]
[Date "2011.11.20"]
[Round "3.8"]
[White "Weigel, Robert"]
[Black "Steinacker, Alex"]
[Result "1/2-1/2"]
[WhiteElo "2201"]
[BlackElo "1977"]
[PlyCount "102"]
[EventDate "2011.10.02"]
[EventType "team-tourn"]
[EventRounds "9"]
[EventCountry "GER"]
[SourceTitle "EXT 2015"]
[Source "ChessBase"]
[SourceDate "2014.11.20"]
[SourceVersion "1"]
[SourceVersionDate "2014.11.20"]
[SourceQuality "1"]
[WhiteTeam "Forchheim"]
[BlackTeam "Erfurt"]
[WhiteTeamCountry "GER"]
[BlackTeamCountry "GER"]

1. Nf3 Nf6 2. c4 g6 3. Nc3 Bg7 4. e4 d6 5. d4 0-0 6. Be2 e5 7. 0-0 Nc6 8. d5 Ne7 9. Ne1 Ne8 10. Nd3 f5 11. f4 exf4 12. Bxf4 fxe4 13. Nxe4 Bf5 14. Ng3 Nf6 15. Qd2 Qd7 16. Rae1 Rae8 17. Bd1 Bxd3 18. Qxd3 Ng4 19. Re6 Ne5 20. Qe4 Kh8 21. c5 Nc8 22. Ba4 c6 23. Rxe8 Rxe8 24. cxd6 Nxd6 25. dxc6 bxc6 26. Qc2 Ndf7 27. Rd1 Qg4 28. Rf1 h6 29. h3 Qh4 30. Ne4 Kh7 31. Bg3 Qe7 32. Nc5 Bf8 33. b4 Qg5 34. Bf4 Qh4 35. a3 Ng5 36. Bxe5 Rxe5 37. Rxf8 Nxh3+ 38. gxh3 Qe1+ 39. Kg2 Re2+ 40. Qxe2 Qxe2+ 41. Rf2 Qe3 42. Bxc6 Qxa3 43. Ne4 Qxb4 44. Rf7+ Kh8 45. Rxa7 Qb2+ 46. Nf2 Qc1 47. Ra8+ Kg7 48. Be4 Qg5+ 49. Kf3 Qf6+ 50. Kg3 Qg5+ 51. Kf3 Qf6+ 1/2-1/2

[Event "BL2-Ost 1011"]
[Site "Germany"]
[Date "2011.01.16"]
[Round "5.8"]
[White "Schunk, Eduard"]
[Black "Steinacker, Alex"]
[Result "1-0"]
[WhiteElo "2307"]
[BlackElo "1908"]
[PlyCount "61"]
[EventDate "2010.10.10"]
[EventType "team-tourn"]
[EventRounds "9"]
[EventCountry "GER"]
[SourceTitle "EXT 2012"]
[Source "ChessBase"]
[SourceDate "2011.11.24"]
[SourceVersion "1"]
[SourceVersionDate "2011.11.24"]
[SourceQuality "1"]
[WhiteTeam "Bindlach"]
[BlackTeam "Erfurt SK"]
[WhiteTeamCountry "GER"]
[BlackTeamCountry "GER"]

1. e4 c5 2. Nf3 a6 3. d3 e6 4. g3 d5 5. Qe2 Be7 6. Bg2 Nf6 7. e5 Nfd7 8. 0-0 Nc6 9. c4 dxc4 10. dxc4 Qc7 11. Re1 b6 12. Nc3 Bb7 13. Bf4 0-0-0 14. Nd5 Qb8 15. Rad1 Qa8 16. Rd2 h6 17. h4 exd5 18. cxd5 g5 19. hxg5 hxg5 20. Bxg5 Bxg5 21. Nxg5 Nd4 22. Rxd4 cxd4 23. Qc4+ Kb8 24. Nxf7 Rc8 25. Qxd4 Rh7 26. Nd6 Rch8 27. e6 Nf6 28. Nxb7 Qxb7 29. Qxf6 Qc7 30. e7 Qd7 31. Qxb6+ 1-0

[Event "GER-ch U18"]
[Site "Oberhof"]
[Date "2010.05.28"]
[Round "8"]
[White "Bart, Simon"]
[Black "Steinacker, Alex"]
[Result "1/2-1/2"]
[WhiteElo "1979"]
[BlackElo "1879"]
[PlyCount "42"]
[EventDate "2010.05.22"]
[EventType "swiss"]
[EventRounds "9"]
[EventCountry "GER"]
[SourceTitle "CBM 136 Extra"]
[Source "ChessBase"]
[SourceDate "2010.07.02"]
[SourceVersion "2"]
[SourceVersionDate "2010.07.15"]
[SourceQuality "1"]

1. e4 c5 2. Nf3 Nc6 3. d4 cxd4 4. Nxd4 g6 5. c4 Bg7 6. Be3 Nf6 7. Nc3 Ng4 8. Qxg4 Nxd4 9. Qd1 Ne6 10. Qd2 d6 11. Be2 Bd7 12. 0-0 0-0 13. Rac1 Bc6 14. f3 a5 15. b3 Nc5 16. Rfd1 Qb6 17. Nd5 Bxd5 18. cxd5 Rfc8 19. Kf1 Qd8 20. Rc2 h5 21. Rdc1 b6 1/2-1/2

[Event "GER-ch U18"]
[Site "Oberhof"]
[Date "2010.05.25"]
[Round "5"]
[White "Mueller, Denis"]
[Black "Steinacker, Alex"]
[Result "1-0"]
[WhiteElo "1917"]
[BlackElo "1879"]
[PlyCount "75"]
[EventDate "2010.05.22"]
[EventType "swiss"]
[EventRounds "9"]
[EventCountry "GER"]
[SourceTitle "CBM 136 Extra"]
[Source "ChessBase"]
[SourceDate "2010.07.02"]
[SourceVersion "2"]
[SourceVersionDate "2010.07.15"]
[SourceQuality "1"]

1. e4 c5 2. Nf3 Nc6 3. d4 cxd4 4. Nxd4 g6 5. c4 Bg7 6. Be3 Nf6 7. Nc3 Ng4 8. Qxg4 Nxd4 9. Qd1 Ne6 10. Rc1 d6 11. Be2 0-0 12. 0-0 Bd7 13. Qd2 a5 14. Rfd1 Bc6 15. f3 Rb8 16. Bf1 Nc5 17. b3 b6 18. Qc2 f5 19. exf5 gxf5 20. a3 Qe8 21. b4 Na4 22. Ne2 axb4 23. axb4 Bb7 24. Nf4 e5 25. Nd5 e4 26. f4 Bxd5 27. Rxd5 Rf7 28. Qb3 Bf8 29. Be2 Rf6 30. Bd4 Re6 31. Rxf5 Nc5 32. Qh3 Nd3 33. Rd1 Qa4 34. Rg5+ Kf7 35. Qxh7+ Ke8 36. Bh5+ Kd8 37. Rg8 Re8 38. Bf6+ 1-0